[Event "2011 Canadian Closed"]
[Site "Guelph Canada"]
[EventDate "2011.05.06"]
[Date "2011.05.06"]
[Round "1"]
[White "Sambuev, Bator"]
[WhiteTitle "GM"]
[WhiteElo "2750"]
[Black "Dougherty, Michael"]
[BlackTitle "FM"]
[BlackElo "2312"]
[Result "1-0"]
[Source "MonRoi"]

1. d4 Nf6 2. c4 e6 3. Nc3 Bb4 4. e3 c5 5. Bd3 Nc6 6. Nf3 Bxc3 7. bxc3 d6 8. O-O e5 9. Ng5 O-O 10. dxc5 dxc5 11. Qc2 h6 12. Ne4 Qe7 13. f4 Nxe4 14. Bxe4 f5 15. Bd5 Kh8 16. e4 fxe4 17. Bxe4 Be6 18. Bd3 Rad8 19. f5 e4 20. Bxe4 Bxc4 21. Rf4 Ne5 22. h3 Bd3 23. Qf2 Bxe4 24. Rxe4 Rd1 25. Kh2 Qd6 26. Bf4 Rxa1 27. Bxe5 Qc6 28. Rg4 Rf7 29. f6 g5 30. Qf5 Qd5 31. c4 Qd7 32. Qxd7  1-0

[Event "2011 Canadian Closed"]
[Site "Guelph Canada"]
[EventDate "2011.05.06"]
[Date "2011.05.06"]
[Round "1"]
[White "Kleinman, Michael"]
[WhiteTitle "-"]
[WhiteElo "2301"]
[Black "Gerzhoy, Leonid"]
[BlackTitle "IM"]
[BlackElo "2629"]
[Result "1/2-1/2"]
[Source "MonRoi"]

1. e4 c5 2. Nf3 d6 3. d4 cxd4 4. Qxd4 Bd7 5. c4 Nc6 6. Qe3 g6 7. Be2 Bg7 8. O-O Nf6 9. h3 O-O 10. Nc3 a6 11. Bd2 e6 12. Rfd1 Qe7 13. Na4 Rfd8 14. Nb6 Rab8 15. b4 Be8 16. Rab1 Qc7 17. b5 Ne5 18. Ba5 axb5 19. cxb5 Qc2 20. Nxe5 dxe5 21. Bd3 Qxa2 22. Nc4 Rd4 23. Rd2 Qa4 24. Bc7 Rc8 25. Nb6 Qa5 26. Bxe5 Rdd8 27. Nxc8 Rxc8 28. Rdb2 Ng4 29. hxg4 Bxe5 30. Rb3 Qd8 31. g3 Bd4 32. Qe2 e5 33. Bc4 Bxf2+ 34. Kxf2 Qd4+ 35. Re3 Rxc4 36. Qd3 Qc5 37. Qd8 Kf8 38. Kf3 Rc3 39. Rbe1 Rxe3+ 40. Rxe3 Qxb5 41. Rd3 h6 42. Rd5 Qf1+  1/2-1/2

[Event "2011 Canadian Closed"]
[Site "Guelph Canada"]
[EventDate "2011.05.06"]
[Date "2011.05.06"]
[Round "1"]
[White "Noritsyn, Nikolay"]
[WhiteTitle "IM"]
[WhiteElo "2584"]
[Black "Jung, Hans"]
[BlackTitle "FM"]
[BlackElo "2289"]
[Result "1-0"]
[Source "MonRoi"]

1. e4 c5 2. Nf3 e6 3. c3 d5 4. e5 Nc6 5. d4 Qb6 6. a3 Bd7 7. b4 cxd4 8. cxd4 Rc8 9. Be3 Nge7 10. Bd3 Nf5 11. O-O Be7 12. Bxf5 exf5 13. Nc3 Be6 14. Qd3 O-O 15. h4 f6 16. Ne2 Qd8 17. Nf4 Qd7 18. Rad1 a5 19. b5 Na7 20. Bd2 Rc4 21. Rfe1 Re8 22. Nxe6 Qxe6 23. exf6 Qxf6 24. Bg5 Qd6 25. Bxe7 Rxe7 26. Rxe7 Qxe7 27. Qxf5 Rc3 28. Ng5 g6 29. Qxd5 Kh8 30. Qe5 Qxe5 31. dxe5 Nxb5 32. Rd8 Kg7 33. Rd7 Kg8 34. a4 Nc7 35. Nxh7 Rc1 36. Kh2 Rc4 37. g3 Ne6 38. Re7 Ng7 39. Nf6 Kf8 40. Rxb7 Rxa4 41. Nh7 Kg8 42. Ng5 Nf5 43. e6 Ra2 44. Ne4 Kf8 45. Rf7 Ke8 46. h5 Re2 47. h6 Rxe4 48. h7 Rxe6 49. Ra7  1-0

[Event "2011 Canadian Closed"]
[Site "Guelph Canada"]
[EventDate "2011.05.06"]
[Date "2011.05.06"]
[Round "1"]
[White "Djerkovic, Miladin"]
[WhiteTitle "-"]
[WhiteElo "2280"]
[Black "Hansen, Eric"]
[BlackTitle "IM"]
[BlackElo "2572"]
[Result "0-1"]
[Source "MonRoi"]

1. c4 Nf6 2. g3 c6 3. Bg2 d5 4. Nf3 dxc4 5. Qc2 Qd5 6. Nc3 Qa5 7. O-O Nbd7 8. e4 e5 9. Nd1 b5 10. d3 cxd3 11. Qxc6 Rb8 12. Bd2 b4 13. Ne3 Bb7 14. Qc4 Ba6 15. Qb3 Nc5 16. Qd1 Ncxe4 17. Nf5 g6 18. Nh6 Bb7 19. Nxe5 Bxh6 20. Bxh6 Qxe5 21. Bf4(=) Qd4 22. Bxb8 O-O 23. Bf4 Rd8 24. Be3 Qxb2 25. Rb1 Qe2 26. Rxb4 Nc3 27. Qa1 Bxg2 28. Kxg2 Nfd5 29. Bh6 Qe5 30. Re1 Qf6 31. Bd2 Qc6 32. Kg1 Ne2 33. Rxe2 dxe2 34. Re4 Nc3  0-1

[Event "2011 Canadian Closed"]
[Site "Guelph Canada"]
[EventDate "2011.05.06"]
[Date "2011.05.06"]
[Round "1"]
[White "Sapozhnikov, Roman"]
[WhiteTitle "-"]
[WhiteElo "2451"]
[Black "Tremblay, Rejean"]
[BlackTitle "-"]
[BlackElo "2238"]
[Result "0-1"]
[Source "MonRoi"]

1. e4 c5 2. Nf3 d6 3. d4 cxd4 4. Nxd4 Nf6 5. Nc3 a6 6. Be3 e5 7. Nf3 Qc7 8. a4 b6 9. Nd5 Nxd5 10. Qxd5 Bb7 11. Qc4 Qxc4 12. Bxc4 Be7 13. Nd2 Nd7 14. f3 O-O 15. O-O Rac8 16. c3 Nc5 17. Rfd1 Rc7 18. Be2 Ra8 19. Nc4 Nxa4 20. Nxb6 Nxb6 21. Bxb6 Rc6 22. Ba5 Bd8 23. Bb4 Bc7 24. Rd2 a5 25. Ba3 Ba6 26. Kf1 f6 27. Rad1 Bxe2 28. Kxe2 Rb8 29. Kd3 Kf7 30. Kc2 Ke6 31. Rd5 g6 32. g4 Rh8 33. Rg1 h5 34. gxh5 g5 35. Kb3 Rxh5 36. Ka4 Rxh2 37. Rgd1 g4 38. R5d2 Rxd2 39. Rxd2 gxf3 40. Kb5 Rb6 41. Kc4 f5 42. Kd3 d5 43. exd5 Kxd5 44. Ke3 Ke6 45. Kxf3 Bd6 46. Bxd6 Rxd6 47. Rh2 Rd3 48. Ke2 e4 49. Rh6 Ke5 50. Ra6 Rd5 51. c4 Rc5 52. b3 Kd4 53. Kd2 e3 54. Ke2 f4 55. Kf3 Re5 56. Rd6 Kc3 57. Rd5 Re8 58. Rd1 e2 59. Re1 Kd2 60. Kf2 Re6 61. c5 f3  0-1

[Event "2011 Canadian Closed"]
[Site "Guelph Canada"]
[EventDate "2011.05.06"]
[Date "2011.05.06"]
[Round "1"]
[White "Plotkin, Victor"]
[WhiteTitle "-"]
[WhiteElo "2422"]
[Black "Drkulec, Vladimir"]
[BlackTitle "-"]
[BlackElo "2202"]
[Result "1/2-1/2"]
[Source "MonRoi"]

1. Nf3 g6 2. e4 Bg7 3. d4 c5 4. d5 d6 5. c4 Nf6 6. Nc3 O-O 7. Be2 e6 8. O-O exd5 9. exd5 Bg4 10. Bf4 Nh5 11. Bg5 Bf6 12. Bd2 Re8 13. Re1 a6 14. Qb3 Nd7 15. h3 Bxf3 16. Bxf3 Ng7 17. Rxe8 Nxe8 18. Re1 b6 19. g3 Rb8 20. a4 Bd4 21. Ne4 Ne5 22. Bg2 f6 23. Bf1 Nf7 24. Kg2 f5 25. Nc3 g5 26. Qc2 Ng7 27. Bd3 Qd7 28. f4 gxf4 29. Bxf4 Be5 30. Bd2 Kh8 31. Rf1 Rg8 32. Ne2 Qe7 33. Bxf5 Bxb2 34. Qxb2 Qxe2 35. Rf2 Qxc4 36. Be6 Ne5 37. Bxg8 Kxg8 38. Qc3 Qxd5 39. Kh2 Ne6 40. Bh6 b5 41. Qe3 Nf7 42. Rf6 Qa2 43. Rf2 Qd5 44. Re2 Ne5 45. Rf2 Nf7 46. axb5 axb5 47. Rf6 Qa2 48. Rf2 Qd5 49. Rf6 Qa2 50. Rf2 Qd5  1/2-1/2

[Event "2011 Canadian Closed"]
[Site "Guelph Canada"]
[EventDate "2011.05.06"]
[Date "2011.05.06"]
[Round "1"]
[White "Anastasovski, Nikola"]
[WhiteTitle "-"]
[WhiteElo "2190"]
[Black "Calugar, Arthur"]
[BlackTitle "-"]
[BlackElo "2401"]
[Result "0-1"]
[Source "MonRoi"]

1. e4 c5 2. c4 Nc6 3. Nc3 g6 4. g3 Bg7 5. Bg2 d6 6. d3 Nd4 7. Be3 e6 8. Qd2 Ne7 9. Rc1 O-O 10. Bh6 f5 11. h4 e5 12. h5 f4 13. Bxg7 Kxg7 14. gxf4 exf4 15. Nge2 Nec6 16. f3 Qg5 17. Nxd4 Nxd4 18. Qf2 gxh5 19. Kd2 Kh8 20. Rcg1 Qe5 21. Kc1 Rg8 22. Rh4 Be6 23. Rgh1 Rg5 24. Bf1 a6 25. Ne2 Nxe2 26. Qxe2 b5 27. Qh2 bxc4 28. Qxf4 Qxf4 29. Rxf4 cxd3 30. Bxd3 Bxa2 31. Rf6 Rg6 32. Rf5 h4 33. Rh5 Rg7 34. R5xh4 Rf8 35. e5 Bg8 36. exd6 Rxf3 37. Bxa6 Ra7 38. Be2 Rf2 39. Kd2 Rd7 40. Rh6 Bc4 41. Re1 Kg7 42. Rh5 Rxd6 43. Ke3 Rxe2 44. Rxe2 Re6+ 45. Kf4 Rxe2 46. Rxc5 Be6 47. b4 Rb2 48. b5 Kf6 49. Kg3 Bd7 50. Rc7 Ke7 51. b6 Rxb6 52. Kf4 Rb5 53. Ra7 Rc5 54. Kg3 Ke6 55. Kh4 Rd5 56. Ra6+ Kf7 57. Ra7 Kf6 58. Ra6+ Be6 59. Rb6 Re5 60. Ra6 Kg6 61. Rb6 h5 62. Ra6 Re4+ 63. Kg3 Kg5 64. Kf3 Bf5 65. Ra7 Rd4 66. Rg7+ Bg6 67. Kg3 Rd3+ 68. Kh2 Kf5 69. Rg8 Kf6 70. Ra8 Bf5 71. Rb8 Kg5 72. Rb4 Bg4 73. Rb5+ Kh4 74. Rb6 Rd2+ 75. Kg1 Kg3 76. Rb1 h4 77. Rc1 h3 78. Rf1 Rd1 79. Rxd1  0-1

[Event "2011 Canadian Closed"]
[Site "Guelph Canada"]
[EventDate "2011.05.06"]
[Date "2011.05.06"]
[Round "1"]
[White "Stevens, Christian"]
[WhiteTitle "FM"]
[WhiteElo "2378"]
[Black "Filipovich, David"]
[BlackTitle "-"]
[BlackElo "2174"]
[Result "1/2-1/2"]
[Source "MonRoi"]

1. Nf3 g6 2. c4 Bg7 3. e4 d6 4. d4 e5 5. Be2 exd4 6. Nxd4 Nc6 7. Be3 Nge7 8. Nc3 O-O 9. Qd2 f5 10. exf5 Bxd4 11. Bxd4 Nxf5 12. Be3 Nxe3 13. Qxe3 Bf5 14. O-O Qd7 15. Rad1 Rae8 16. Qd2 Re5 17. f4 Re7 18. Nd5 Rxe2 19. Qxe2 Bg4 20. Qe3 Bxd1 21. Rxd1  1/2-1/2

[Event "2011 Canadian Closed"]
[Site "Guelph Canada"]
[EventDate "2011.05.06"]
[Date "2011.05.06"]
[Round "1"]
[White "Qin, Joey"]
[WhiteTitle "-"]
[WhiteElo "2353"]
[Black "Itkin, David"]
[BlackTitle "-"]
[BlackElo "2160"]
[Result "0-1"]
[Source "MonRoi"]

1. e4 c5 2. Nf3 d6 3. d4 Nf6 4. Nc3 cxd4 5. Nxd4 Nc6 6. Bc4 Qb6 7. Nb3 e6 8. Bf4 Ne5 9. Be2 Be7 10. g4 Nfd7 11. Be3 Qc7 12. Nb5 Qb8 13. f4 Nc6 14. g5 a6 15. Nc3 b5 16. Qd2 Nc5 17. Bf3 Bb7 18. h4 b4 19. Ne2 a5 20. Ng3 a4 21. Nxc5 dxc5 22. Qf2 b3 23. O-O O-O 24. f5 Bd6 25. Nh5 exf5 26. Qg2 Ne5 27. exf5 Nxf3+ 28. Rxf3 Bxf3 29. Qxf3 Qb4 30. axb3 Qxh4 31. bxa4 Qh2+ 32. Kf1 Qxc2 33. Qg4 Qxb2 34. Rd1 Be5 35. Bxc5 Rfd8 36. Re1 Rac8 37. Be7 Rd4 38. Qf3 Rxa4 39. Re2 Qc1+ 40. Kg2 Ra1 41. Rxe5 Qh1+ 42. Kg3 Rg1+ 43. Kf4 Qh4+ 44. Ke3 Rc3+  0-1

[Event "2011 Canadian Closed"]
[Site "Guelph Canada"]
[EventDate "2011.05.06"]
[Date "2011.05.06"]
[Round "1"]
[White "Mills, Morgon"]
[WhiteTitle "-"]
[WhiteElo "2056"]
[Black "Barron, Michael"]
[BlackTitle "FM"]
[BlackElo "2328"]
[Result "0-1"]
[Source "MonRoi"]

1. e4 e5 2. Nf3 Nc6 3. Bb5 a6 4. Bxc6 dxc6 5. O-O Qd6 6. d4 exd4 7. Qxd4 Bg4 8. e5 Qxd4 9. Nxd4 O-O-O 10. Nb3 Ne7 11. Na3 Ng6 12. f4 Bf5 13. c3 c5 14. Re1 Be7 15. Be3 b6 16. Rad1 Rxd1 17. Rxd1 Rd8 18. Rxd8 Bxd8 19. Nd2 Ne7 20. Nf3 Nd5 21. Bd2 Kd7 22. g3 Kc6 23. Nc4 Be6 24. b3 Bf5 25. Ne3 Bb1 26. a3 Ba2 27. b4 Kb5 28. c4 Bxc4 29. a4 Kxa4 30. Nxc4 cxb4 31. Nd4 Be7 32. Nf5 Bf8 33. Kf1 Kb3 34. Nfe3 Nxe3 35. Nxe3 a5 36. Ke2 a4 37. Kd1 Bc5 38. Nc2 Kc4 39. Kc1 b3 40. Ne3 Kd3 41. f5 a3 42. Nd5 a2 43. Nf4 Ke4 44. Bc3 Ba3  0-1

[Event "2011 Canadian Closed"]
[Site "Guelph Canada"]
[EventDate "2011.05.06"]
[Date "2011.05.06"]
[Round "1"]
[White "Upper, John"]
[WhiteTitle "-"]
[WhiteElo "2169"]
[Black "Hamilton, Robert"]
[BlackTitle "FM"]
[BlackElo "2370"]
[Result "0-1"]
[Source "MonRoi"]

1. Nf3 Nf6 2. c4 e6 3. g3 b6 4. Bg2 Bb7 5. O-O c5 6. Nc3 Be7 7. b3 O-O 8. Ba3 d5 9. cxd5 Nxd5 10. Nxd5 Bxd5 11. d4 cxd4 12. Bxe7 Qxe7 13. Qxd4 Nc6 14. Qa4 Qb7 15. Qh4 Ne7 16. Ng5 h6 17. Bxd5 Nxd5 18. Ne4 f5 19. Nd6 Qc7 20. Nb5 Qd7 21. a4 a6 22. Na3 Nc3 23. Rfe1 b5 24. axb5 axb5 25. Qb4 Rac8 26. Nb1 Ne4 27. f3 Nf6 28. Nc3 Rc6 29. Red1 Qc7 30. Rac1 Rc8 31. Na2 Qa7 32. Kg2 Qxa2  0-1

[Event "2011 Canadian Closed"]
[Site "Guelph Canada"]
[EventDate "2011.05.06"]
[Date "2011.05.07"]
[Round "2"]
[White "Calugar, Arthur"]
[WhiteTitle "-"]
[WhiteElo "2401"]
[Black "Sambuev, Bator"]
[BlackTitle "GM"]
[BlackElo "2750"]
[Result "0-1"]
[Source "MonRoi"]

1. b3 e5 2. Bb2 Nc6 3. e3 Nf6 4. Bb5 Bd6 5. Na3 Na5 6. Be2 a6 7. c4 O-O 8. Nc2 c5 9. d4 exd4 10. exd4 Nc6 11. Nf3 Qa5+ 12. b4 Nxb4 13. O-O Qa4 14. Bd3 cxd4 15. Nfxd4 Re8 16. Qd2 Nxd3 17. Qxd3 Bf8 18. Nf5 d5 19. Bxf6 Qxc4 20. Nh6+ gxh6 21. Qg3+ Qg4 22. Qxg4 Bxg4 23. Ne3 Be6 24. Rfd1 Bg7 25. Bxg7 Kxg7 26. Nxd5 Rac8 27. Nf4 Rc2 28. a4 Bc4 29. h3 Re4 30. Nh5+ Kg6 31. g4 Kg5 32. Rd6 Be6 33. Ra3 f5 34. Ng7 Rc6 35. Rxc6 bxc6 36. Nxf5 Bxf5 37. gxf5 c5 38. Rc3 c4 39. f3 Rh4 40. Kf2 Kxf5 41. Ke3 Ke5 42. Rc1 Kd5 43. Rb1 Rxh3 44. Rb6 c3 45. Kd3 Rxf3 46. Kc2 Kc4 47. Rc6+ Kb4 48. Rb6+ Kxa4 49. Rxa6+ Kb4 50. Rxh6 Rf2 51. Kc1 Kb3 52. Rb6+ Kc4 53. Rh6 Rf7 54. Kc2 Rc7 55. Rd6 h5 56. Rd3 Kb4 57. Rd4+ Rc4 58. Rd8 Rc5 59. Rd3 h4 60. Rd4+ Rc4 61. Rd5 Rg4 62. Rd8 Rg2 63. Kc1 h3 64. Rb8+ Ka5  0-1

[Event "2011 Canadian Closed"]
[Site "Guelph Canada"]
[EventDate "2011.05.06"]
[Date "2011.05.07"]
[Round "2"]
[White "Hamilton, Robert"]
[WhiteTitle "FM"]
[WhiteElo "2370"]
[Black "Noritsyn, Nikolay"]
[BlackTitle "IM"]
[BlackElo "2584"]
[Result "1-0"]
[Source "MonRoi"]

1. d4 c5 2. d5 e6 3. Nc3 Nf6 4. e4 d6 5. Bb5 Bd7 6. Bxd7 Qxd7 7. Nf3 exd5 8. Nxd5 Be7 9. O-O O-O 10. Bg5 Nxd5 11. Qxd5 Bxg5 12. Nxg5 Nc6 13. Rad1 Rad8 14. f4 h6 15. Nf3 Qe6 16. c3 Rfe8 17. Rfe1 Qf6 18. Qd2 Re6 19. Re2 Rde8 20. Rde1 R6e7 21. b4 Qe6 22. Nh4 Qc4 23. b5 Qxb5 24. Nf5 Rd7 25. Nxd6 Qa4 26. e5 Ne7 27. Qe3 Rf8 28. Qg3 Qc6 29. Qg4 Ng6 30. h4 Rfd8 31. h5 Nf8 32. Nf5 Ne6 33. Nxh6 Kh7 34. Nf5 Qa4 35. g3 Rd3 36. Nd6 Rd7 37. Qf5  1-0

[Event "2011 Canadian Closed"]
[Site "Guelph Canada"]
[EventDate "2011.05.06"]
[Date "2011.05.07"]
[Round "2"]
[White "Thavandiran, Shiyam"]
[WhiteTitle "FM"]
[WhiteElo "2463"]
[Black "Itkin, David"]
[BlackTitle "-"]
[BlackElo "2160"]
[Result "1/2-1/2"]
[Source "MonRoi"]

1. e4 c5 2. Nf3 d6 3. d4 Nf6 4. Nc3 cxd4 5. Nxd4 Nc6 6. Bg5 e6 7. Qd2 Be7 8. O-O-O O-O 9. f4 h6 10. Bh4 e5 11. Nf5 Bxf5 12. exf5 Qa5 13. Kb1 Rfe8 14. Bc4 Qb4 15. Bb3 Nd4 16. Bxf6 Bxf6 17. Nd5 Qxd2 18. Rxd2  1/2-1/2

[Event "2011 Canadian Closed"]
[Site "Guelph Canada"]
[EventDate "2011.05.06"]
[Date "2011.05.07"]
[Round "2"]
[White "Gerzhoy, Leonid"]
[WhiteTitle "IM"]
[WhiteElo "2629"]
[Black "Stevens, Christian"]
[BlackTitle "FM"]
[BlackElo "2378"]
[Result "1/2-1/2"]
[Source "MonRoi"]

1. d4 d5 2. c4 e6 3. Nc3 Be7 4. cxd5 exd5 5. Bf4 c6 6. Qc2 Bd6 7. Bxd6 Qxd6 8. e3 Ne7 9. Bd3 g6 10. Nge2 Bf5 11. O-O O-O 12. f3 Bxd3 13. Qxd3 Nd7 14. e4 dxe4 15. fxe4 c5 16. d5 a6 17. a4 Nc6  1/2-1/2

[Event "2011 Canadian Closed"]
[Site "Guelph Canada"]
[EventDate "2011.05.06"]
[Date "2011.05.07"]
[Round "2"]
[White "Filipovich, David"]
[WhiteTitle "-"]
[WhiteElo "2174"]
[Black "Plotkin, Victor"]
[BlackTitle "-"]
[BlackElo "2422"]
[Result "0-1"]
[Source "MonRoi"]

1. Nf3 Nf6 2. g3 d5 3. Bg2 c6 4. O-O Bg4 5. b3 Nbd7 6. Bb2 Qc7 7. c4 e6 8. d3 Be7 9. Nbd2 O-O 10. Rc1 Rfd8 11. Rc2 a5 12. a3 Qb6 13. h3 Bh5 14. g4 Bg6 15. Nh4 e5 16. Qa1 Bd6 17. Nxg6 hxg6 18. d4 exd4 19. Bxd4 Bc5 20. e3 Bxd4 21. Qxd4 Qxd4 22. exd4 Nf8 23. g5 Nh5 24. cxd5 cxd5 25. Rc5 Nf4 26. Rb5 Ra7 27. Nf3 N8e6 28. Kh2 Rc8 29. Rd1 Rc2 30. Rd2 Rc3 31. h4 f6 32. gxf6 gxf6 33. Ng1 Nxg2 34. Kxg2 a4 35. bxa4 Rxa3 36. Ne2 R3xa4 37. Rxd5 Ra2 38. Rxa2 Rxa2 39. Rd6 Rxe2 40. Kf1 Nf4 41. Rxf6 Re4 42. Rd6 Kf7 43. f3 Re6 44. Rd7+ Re7 45. Rd6 Ne6 46. Kf2 Ng7 47. Rd5 Ke6 48. Rg5 Kf6 49. f4 Nf5  0-1

[Event "2011 Canadian Closed"]
[Site "Guelph Canada"]
[EventDate "2011.05.06"]
[Date "2011.05.07"]
[Round "2"]
[White "Drkulec, Vladimir"]
[WhiteTitle "-"]
[WhiteElo "2202"]
[Black "Kleinman, Michael"]
[BlackTitle "-"]
[BlackElo "2301"]
[Result "0-1"]
[Source "MonRoi"]

1. d4 Nf6 2. c4 c5 3. d5 b5 4. cxb5 a6 5. bxa6 Bxa6 6. g3 g6 7. Bg2 d6 8. Nc3 Bg7 9. Nf3 O-O 10. Rb1 Nbd7 11. b3 Qa5 12. Bd2 Rfb8 13. O-O c4 14. Nd4 Qc7 15. b4 Ne4 16. Bxe4 Bxd4 17. a4 Nf6 18. Bg2 Bc8 19. Qc2 Bf5 20. e4 Bd7 21. a5 Ng4 22. h3 Ne5 23. Ne2 Ba7 24. Bc3 Nd3 25. Qd2 e5 26. dxe6 fxe6 27. Qh6 e5 28. Nc1 Rf8 29. Nxd3 cxd3 30. Rbc1 Qd8 31. Bd2 Rb8 32. Bg5 Qe8 33. Rc7 Bd4 34. Bd2 Qd8 35. Rc4 Bb5 36. Rcc1 Rb7 37. Be3 d2 38. Bxd2 Bxf1 39. Bxf1 Rxf2 40. Bc4 Kh8 41. Kh1 Qf6 42. Be2  0-1

[Event "2011 Canadian Closed"]
[Site "Guelph Canada"]
[EventDate "2011.05.06"]
[Date "2011.05.07"]
[Round "2"]
[White "Guo, Josh"]
[WhiteTitle "-"]
[WhiteElo "2272"]
[Black "Qin, Joey"]
[BlackTitle "-"]
[BlackElo "2353"]
[Result "1-0"]
[Source "MonRoi"]

1. e4 c5 2. c3 Nf6 3. e5 Nd5 4. d4 cxd4 5. Nf3 Nc6 6. cxd4 d6 7. Bc4 Nb6 8. Bb3 d5 9. Nh4 e6 10. Nf3 Be7 11. Nc3 Bd7 12. O-O Rc8 13. Ne2 Na5 14. Bc2 Bb5 15. Re1 Qc7 16. Bd3 Bxd3 17. Qxd3 Qc4 18. Qe3 Qc2 19. Qd2 Qxd2 20. Bxd2 Nac4 21. Rec1 Kd7 22. Bc3 Na4 23. b3 Nxc3 24. Rxc3 Na5 25. Rac1 Nc6 26. Ne1 Ba3 27. Rd1 Nb4 28. Rxc8 Rxc8 29. Rd2 Bc1 30. Nxc1 Rxc1 31. Kf1 Ra1 32. Ke2 Rxa2 33. Rxa2 Nxa2 34. Kd2 Nb4 35. f4 a5 36. g4 h6 37. h4 Kc6 38. h5 Kb5 39. Kc3 Kc6 40. f5 Kd7 41. f6 g6 42. g5  1-0

[Event "2011 Canadian Closed"]
[Site "Guelph Canada"]
[EventDate "2011.05.06"]
[Date "2011.05.07"]
[Round "2"]
[White "Dougherty, Michael"]
[WhiteTitle "FM"]
[WhiteElo "2312"]
[Black "Haessel, Dale"]
[BlackTitle "FM"]
[BlackElo "2233"]
[Result "1-0"]
[Source "MonRoi"]

1. d4 Nf6 2. c4 g6 3. Nc3 d5 4. Nf3 Bg7 5. cxd5 Nxd5 6. e4 Nxc3 7. bxc3 O-O 8. Be3 c5 9. Qd2 Qa5 10. Rc1 cxd4 11. cxd4 Qxd2 12. Kxd2 Nc6 13. Bb5 Rd8 14. Bxc6 bxc6 15. Rhd1 e5 16. Ke1 exd4 17. Nxd4 Bxd4 18. Rxd4 Rxd4 19. Bxd4 Be6 20. a3 Bd7 21. Rb1 Be6 22. Rb7 a6 23. Kd2 Bc4 24. a4 Bf1 25. g4 Bc4 26. h4 h5 27. gxh5 gxh5 28. Ke3 Kh7 29. Rc7 Bb3 30. a5 Re8 31. f3 Kg6 32. Rxc6 Re6 33. Rc5 Rd6 34. Rg5 Kh6 35. Bg7 Kh7 36. Bf8 Rf6 37. Rxh5 Kg8 38. Rh6 Rg6 39. h5 Rxh6 40. Bxh6 Bd1 41. Bg5 Kg7 42. Kf4 Be2 43. Be7 Bd1 44. Kg4 Be2 45. Bb4 Bd1 46. Bc3 Kh6 47. Bf6 Be2 48. Bg5 Kg7 49. Kg3 Bd1 50. Kf2 Kg8 51. Ke3 Kg7 52. h6 Kg8 53. f4 Bc2 54. f5 Bb1 55. Bf6 Kh7 56. Bg7 Bc2 57. Kf4 Ba4 58. Kg5  1-0

[Event "2011 Canadian Closed"]
[Site "Guelph Canada"]
[EventDate "2011.05.06"]
[Date "2011.05.07"]
[Round "2"]
[White "Jung, Hans"]
[WhiteTitle "FM"]
[WhiteElo "2289"]
[Black "Anastasovski, Nikola"]
[BlackTitle "-"]
[BlackElo "2190"]
[Result "1-0"]
[Source "MonRoi"]

1. e4 e5 2. Nf3 Nc6 3. Bc4 Nf6 4. Ng5 d5 5. exd5 Na5 6. Bb5 c6 7. dxc6 bxc6 8. Be2 h6 9. Nh3 Bd6 10. d3 O-O 11. Nc3 Nd5 12. Bf3 Be6 13. Ng1 f5 14. Nge2 Qc7 15. Bxd5 Bxd5 16. O-O f4 17. f3 Rad8 18. Kh1 Nb7 19. Qe1 Rf5 20. Ne4 Bxe4 21. dxe4 Rg5 22. Bd2 Bc5 23. Bb4 Bb6 24. Rd1 Re8 25. Qd2 Qf7 26. Qd7 Qh5 27. Ng1 Qg6 28. Qxb7 Rxg2 29. Qd7 Re6 30. Qxe6 Qxe6 31. Kxg2 Qxa2 32. Bc3 Qe6 33. Kh1 Be3 34. Rd8 Kh7 35. Rfd1 c5 36. R8d5 Bd4 37. Bxd4 cxd4 38. c3 dxc3 39. bxc3 Qe7 40. c4 Qc7  1-0

[Event "2011 Canadian Closed"]
[Site "Guelph Canada"]
[EventDate "2011.05.06"]
[Date "2011.05.07"]
[Round "3"]
[White "Plotkin, Victor"]
[WhiteTitle "-"]
[WhiteElo "2422"]
[Black "Hamilton, Robert"]
[BlackTitle "FM"]
[BlackElo "2370"]
[Result "1-0"]
[Source "MonRoi"]

1. e4 d6 2. d4 Nf6 3. Nc3 g6 4. f4 Bg7 5. Nf3 c5 6. Bb5 Nbd7 7. dxc5 O-O 8. Bxd7 Qxd7 9. cxd6 exd6 10. O-O Qc6 11. Qd3 Re8 12. Re1 Ng4 13. Nb5 f5 14. Qd5 Qxd5 15. exd5 Rxe1 16. Nxe1 Bd7 17. Nxd6 Bd4 18. Kf1 Nxh2 19. Ke2 b5 20. Nd3 Ng4 21. c3 Bg7 22. a4 bxa4 23. Nc5 Rd8 24. c4 Bf8 25. Nxd7 Rxd7 26. Nb5 a6 27. Nd4 a3 28. Ne6 Rb7 29. bxa3 Be7 30. Ra2 Nf6 31. Rb2 Rxb2 32. Bxb2 Ne4 33. a4 Kf7 34. Bd4 h6 35. c5 g5 36. fxg5 hxg5 37. Kd3 g4 38. c6 Bf6 39. Bxf6 Kxf6 40. Kd4 Nd6 41. Kc5 Ke5 42. c7 Nc8 43. Ng5 f4 44. d6 f3 45. gxf3 gxf3 46. d7 f2 47. dxc8=Q f1=Q 48. Qe6 Kf4 49. Qf6  1-0

[Event "2011 Canadian Closed"]
[Site "Guelph Canada"]
[EventDate "2011.05.06"]
[Date "2011.05.07"]
[Round "3"]
[White "Itkin, David"]
[WhiteTitle "-"]
[WhiteElo "2160"]
[Black "Gerzhoy, Leonid"]
[BlackTitle "IM"]
[BlackElo "2629"]
[Result "0-1"]
[Source "MonRoi"]

1. e4 e6 2. d4 d5 3. Nc3 Nf6 4. Bg5 Be7 5. e5 Nfd7 6. h4 Bxg5 7. hxg5 Qxg5 8. Nh3 Qe7 9. Qg4 g6 10. Ng5 h5 11. Qf4 Nc6 12. O-O-O Nb6 13. g4 h4 14. Nf3 Bd7 15. g5 O-O-O 16. Rxh4 Rxh4 17. Qxh4 Na5 18. Nd2 Bc6 19. Nb3 Nac4 20. Nc5 Nxe5 21. f4 Ned7 22. Nb3 Na4 23. Qh3 Qd6 24. Ne2 Ndb6 25. Nd2 Bb5 26. Kb1 Nc4 27. Nxc4 Bxc4 28. Nc3 Nxc3 29. Qxc3 Qxf4 30. Bxc4 dxc4 31. Qxc4 Qxg5 32. Rf1 Qd5 33. Qxd5 Rxd5 34. Rxf7 Rf5  0-1

[Event "2011 Canadian Closed"]
[Site "Guelph Canada"]
[EventDate "2011.05.06"]
[Date "2011.05.07"]
[Round "3"]
[White "Noritsyn, Nikolay"]
[WhiteTitle "IM"]
[WhiteElo "2584"]
[Black "Humphreys, Michael"]
[BlackTitle "-"]
[BlackElo "2273"]
[Result "1-0"]
[Source "MonRoi"]

1. c4 Nf6 2. Nc3 g6 3. d4 d5 4. Nf3 Bg7 5. e3 O-O 6. Qb3 e6 7. Bd2 b6 8. cxd5 exd5 9. Be2 Bb7 10. Ne5 Nbd7 11. f4 c5 12. O-O Ne4 13. Nxe4 dxe4 14. Rad1 cxd4 15. exd4 Nf6 16. Bb4 Bd5 17. Qg3 Re8 18. Bb5 Re6 19. f5 gxf5 20. Rxf5 h6 21. Bd2 e3 22. Bxe3 Ne4 23. Qg4 Nd6 24. Rff1 f5 25. Qe2 Bxe5 26. dxe5 Rxe5 27. Qf2 Kh7 28. Bf4 Ne4 29. Qd4  1-0

[Event "2011 Canadian Closed"]
[Site "Guelph Canada"]
[EventDate "2011.05.06"]
[Date "2011.05.07"]
[Round "3"]
[White "Djerkovic, Miladin"]
[WhiteTitle "-"]
[WhiteElo "2280"]
[Black "Calugar, Arthur"]
[BlackTitle "-"]
[BlackElo "2401"]
[Result "0-1"]
[Source "MonRoi"]

1. d4 Nf6 2. Nf3 g6 3. Nc3 d5 4. Bf4 Bg7 5. e3 c5 6. Ne5 O-O 7. Be2 Nc6 8. O-O cxd4 9. exd4 Bf5 10. Re1 Qb6 11. Nxc6 bxc6 12. Na4 Qa5 13. c3 Nd7 14. b4 Qd8 15. Ba6 e5 16. dxe5 Qc7 17. Qd4 Rae8 18. e6 Qd8 19. exd7 Rxe1 20. Rxe1 Bxd4 21. cxd4 Bxd7 22. Nc5 Bc8 23. Bd3 Re8 24. Rc1 Qb6 25. a3 a5 26. Bd2 axb4 27. Bxb4 Qb8 28. Nb3 Bf5 29. Bxf5 gxf5 30. Na5 Qf4 31. Rf1 Re6 32. Nb3 Re2 33. Bc5 h5 34. a4 h4 35. h3 Qe4 36. Na5 Qe6 37. Nb7 Rb2 38. a5 Rxb7 39. a6 Rb2  0-1

[Event "2011 Canadian Closed"]
[Site "Guelph Canada"]
[EventDate "2011.05.06"]
[Date "2011.05.07"]
[Round "3"]
[White "Stevens, Christian"]
[WhiteTitle "FM"]
[WhiteElo "2378"]
[Black "Guo, Josh"]
[BlackTitle "-"]
[BlackElo "2272"]
[Result "1/2-1/2"]
[Source "MonRoi"]

1. Nf3 Nf6 2. c4 e6 3. g3 b6 4. Bg2 Bb7 5. O-O c5 6. Nc3 Be7 7. Re1 Ne4 8. Nxe4 Bxe4 9. d3 Bb7 10. e4 Nc6 11. d4 Nxd4 12. Nxd4 cxd4 13. Qxd4 O-O 14. b3 Qc7 15. Bf4 Qc6 16. Rad1 d6 17. Bc1 Rfd8 18. Bb2 Bf6 19. Qd2 Bxb2 20. Qxb2 Rd7 21. Rd2 Rad8 22. Red1 Qc5 23. Qd4 Qxd4 24. Rxd4 Kf8 25. f4 Ke7 26. Kf2 a5 27. Ke3 e5 28. fxe5 dxe5 29. Rxd7 Rxd7 30. Rxd7 Kxd7 31. a3 Kd6 32. b4 Bc8 33. Bf1 Be6 34. Be2 f6 35. Kd2 g6 36. Ke3 Bc8 37. Kd3 Be6 38. Kc3 Bd7 39. Kb3 f5 40. exf5 gxf5 41. Kc3 h6 42. Kd3 Be8 43. Ke3  1/2-1/2